عرض عادي
عرض مارك
- Ruxton, Graeme D.
مدخل إسم شخص
001 - رقم الضبط
- حقل الضبط: 36422
003 - معرف رقم الضبط
- حقل الضبط: OSt
005 - تاريخ ووقت أخر عملية
- حقل الضبط: 20130804171236.0
008 - عناصر بيانات ثابتة الطول
- حقل تحكم ثابت الطول: 130804|||a|||||| | ||| d
040 ## - مصدر الفهرسة
- هيئة الفهرسة الأصلية: OSt
- وكالة الكتابة: OSt
100 ## - مدخل -- أسم شخص
- إسم شخص: Ruxton, Graeme D.
670 ## - بيانات المصدر موجوده
- الاستشهاد بالمصدر: Work cat.: (OSt)0: Modelling perception with artificial neural networks /, 2010.
